|
|
|
|
| LEADER |
00000cam a2200000 a 4500 |
| 001 |
vtls011574094 |
| 003 |
SK-MaSNL |
| 005 |
20260301092647.0 |
| 008 |
240318s2016 xr hac f n 001 0dcze |
| 020 |
|
|
|a 9788074915017
|q (brožované)
|
| 040 |
|
|
|a SNK
|b slo
|c SNK
|e AACR2
|
| 041 |
0 |
|
|a cze
|b eng
|
| 044 |
|
|
|a xr
|c CZ
|
| 072 |
|
7 |
|a 82-1/-8
|x Literatúra rôznych foriem a žánrov (o nej)
|2 konspekt
|
| 080 |
|
|
|a 82-1
|2 2011
|
| 080 |
|
|
|a 82.02"1900/1945"
|2 2001
|
| 080 |
|
|
|a 82.0
|2 2011
|
| 080 |
|
|
|a 82.02/.09
|2 2011
|
| 080 |
|
|
|a (048.8)
|2 2011
|
| 100 |
1 |
|
|a Krátká, Eva,
|d 1977-
|4 aut
|9 52172
|
| 245 |
1 |
0 |
|a Vizuální poezie
|b pojmy, kategorie a typologie ve světovém kontextu
|c Eva Krátká
|
| 246 |
3 |
0 |
|a Pojmy, kategorie a typologie ve světovém kontextu
|
| 250 |
|
|
|a 1. vyd.
|
| 260 |
|
|
|a Brno
|b Host
|c 2016
|
| 300 |
|
|
|a 234 s.
|b faksim., ilustr., portréty
|c 21 cm
|
| 504 |
|
|
|a Bibliografia: s. 194-223 ; bibliogr. odkazy ; registre
|
| 546 |
|
|
|a Anglické resumé
|
| 650 |
0 |
7 |
|a vizuálna poézia
|2 SNKPH
|9 83539
|
| 650 |
0 |
7 |
|a literárna avantgarda
|2 SNKPH
|9 71482
|
| 650 |
0 |
7 |
|a teória literatúry
|2 SNKPH
|9 1238
|
| 650 |
0 |
7 |
|a interpretácia a prijatie literárneho diela
|2 SNKPH
|9 87159
|
| 650 |
0 |
7 |
|a Visual poetry
|2 SNKPHeng
|9 423830
|
| 650 |
0 |
7 |
|a Avant-garde literature
|2 SNKPHeng
|9 330117
|
| 650 |
0 |
7 |
|a Theory of literature
|2 SNKPHeng
|9 283113
|
| 650 |
0 |
7 |
|a Interpretation and reception of literature
|2 SNKPHeng
|9 285463
|
| 655 |
|
7 |
|a štúdie
|2 SNKPH
|9 57033
|
| 655 |
|
7 |
|a Studies
|2 SNKPHeng
|9 265573
|
| 852 |
|
|
|a Štátna vedecká knižnica v Banskej Bystrici
|
| 919 |
|
|
|a 978-80-7491-501-7
|
| 958 |
|
|
|a CZ
|
| 958 |
|
|
|a NB
|
| 958 |
|
|
|a LX
|
| 999 |
|
|
|c 674697
|d 676627
|
| 952 |
|
|
|t snkKRA 82-1
|a SNKUST
|b SNKUST
|y PREZ
|7 0
|p 17A1250197
|o snkIC 142989
|i snk2016/28072
|8 4
|g 8.85
|0 0
|1 0
|4 0
|d 2016-11-16
|l 0
|r 2025-04-29 00:00:00
|w 2026-02-23
|